Encyclopedia of Applied Physics Servo and Control Devices to Sonic Noise Vol. 18

Saved in:
Bibliographic Details
Other Authors: Trigg, George L. 1925 (Editor)
Format: Book
Language:English
Published: New York VCH Publ. 1997
Edition:1. ed.
Subjects:
Online Access:View in OPAC
Tags: Add Tag
No Tags, Be the first to tag this record!

MARC

LEADER 00000nam a2200000 a 4500
005 20260127134220.0
008 090514 1997 xxu 000 0 eng d
020 |a 1560810777 (vol.18) 
035 |a vtls009512464 
039 9 |y 200905140951  |z mschk03 
040 |a STUSCHK1  |b slo  |c STUSCHK1  |e AACR2 
080 |a 53:621(03) 
245 1 |a Encyclopedia of Applied Physics  |n Vol. 18  |b Servo and Control Devices to Sonic Noise  |c Edited by George L. Trigg 
250 |a 1. ed. 
260 |a New York  |b VCH Publ.  |c 1997 
300 |a vii, 647 s.  |b il.  |c 26 cm 
650 0 |a fyzika 
650 0 |a aplikovaná fyzika 
650 0 |a encyklopedia 
700 1 |a Trigg, George L.  |d 1925  |4 edt 
910 |a SCHK95 
919 |a 1-56081-077-7 (vol.18) 
999 |c 6899  |d 6899